000 01042nam0a22002771 4500
001 rc\2769334
005 20250806204154.0
035 _a(NLR Aleph) 006895733
090 _a25810
_c25810
100 _a20110915d1941 u y0rusy50 ca
101 0 _arus
102 _aRU
105 _aa z |||||
200 1 _aМасляный насос 88Р
_eОписание и инструкция по монтажу и уходу
_fСост. А. И. Крупнов
_gПод ред. Н. И. Васильева
210 _aМосква
_cОборонгиз
_d1941
215 _a16 с., 2 вкл. л. ил., черт.
_cил., черт.
_d20 см.
300 _aНа обл. составитель не указан
700 1 _aКрупнов
_bА.И.
_gАлександр Иванович
702 1 _aВасильев
_bН.И.
_4340
801 0 _aRU
_bNLR
_gpsbo
801 1 _aRU
_bELAR
_2rusmarc
852 _aNLR
_jТ92 Г-4/33
942 _cBOOK
945 _aРоссийская национальная библиотека
980 _aNB
980 _aBV